Flags of Dependent Territories - Statistics

General Stats
  • This quiz has been taken 90 times
    50 since last reset
  • The average score is 46 of 62
Answer Stats
Picture Hint Answer % Correct
United States American Samoa
91%
United Kingdom Isle of Man
89%
Finland Åland Islands
86%
United Kingdom Anguilla
86%
Netherlands Bonaire
86%
New Zealand Cook Islands
86%
Denmark Greenland
86%
China Hong Kong
86%
United Kingdom Jersey
86%
France Mayotte
86%
Australia Christmas Island
83%
Australia Cocos (Keeling) Islands
83%
Netherlands Curaçao
83%
United Kingdom Falkland Islands
83%
Denmark Faroe Islands
83%
France French Polynesia
83%
United States Guam
83%
China Macau
83%
France New Caledonia
83%
Australia Norfolk Island
83%
United States US Virgin Islands
83%
Netherlands Aruba
80%
United Kingdom Bermuda
80%
United Kingdom British Indian Ocean Territory
80%
Chile Easter Island
80%
France French Guiana
80%
United Kingdom Gibraltar
80%
United Kingdom Guernsey
80%
United States Puerto Rico
80%
New Zealand Tokelau
80%
United Kingdom British Virgin Islands
77%
United Kingdom Montserrat
77%
New Zealand Niue
77%
France Saint Barthélemy
77%
United States Wake Islands
77%
United Kingdom Cayman Islands
74%
France Réunion
74%
Netherlands Sint Maarten
74%
United Kingdom Turks and Caicos Islands
74%
France Wallis and Futuna
74%
France Guadeloupe
71%
United States Northern Mariana Islands
71%
Netherlands Saba
71%
Portugal Azores
69%
Spain Canary Islands
69%
Spain Ceuta
69%
France Martinique
69%
France Saint Pierre and Miquelon
69%
United Kingdom Pitcairn Islands
66%
United Kingdom British Antarctic Territory
63%
France French Southern and Antarctic Lands
63%
Spain Melilla
63%
United Kingdom Saint Helena
63%
United Kingdom South Georgia and the South Sandwich Islands
63%
Netherlands Sint Eustatius
60%
United Kingdom Tristan da Cunha
57%
United Kingdom Ascension Island
54%
Portugal Madeira
54%
New Zealand Ross Dependency
54%
France Saint Martin
49%
United States Midway Atoll
40%
Chile Juan Fernández Islands
31%
No matching quizzes found
Score Distribution
Percent of People with Each Score
Percentile by Number Answered
Your Score History
You have not taken this quiz since the last reset